000 00577nam a22001817a 4500
008 160924b xxu||||| |||| 00| 0 eng d
020 _a1107670747
040 _aKABU
_cKABU
050 _aT11
_b.D39 2012 c. 1
100 _aDay, Robert A.
245 _aHow to write and publish a scientific paper
_cRobert A. Day, Barbara Gastel
250 _a7th ed.
260 _aCambridge
_bCambridge University Press
_c2012
300 _axxi, 300 p.
650 _aTechnical writing
700 _aGastel, Barbara
942 _2lcc
_cBK
_e7th ed.
_hT11 .D39 2012 c. 1
999 _c16100
_d16100